000 00516nam a2200181Ia 4500
003 GCL
008 140319s9999 xx 000 0 ara d
040 _aGCL /
_cGCL
082 0 4 _a811.9
_bع م
100 1 _aعزت عامر
245 1 0 _aمدخل الى الحدائق الطاغورية /
_cعزت عامر
300 _a143 ص
490 _aكتاب الغد
_v0
650 0 4 _aالادب العربى
650 0 4 _aالشعر
650 0 4 _aالشعر العربى - العصر الحديث
942 _2ddc
_cBK
999 _c38252
_d38252